NEONATAL & PEDIATRIC RESPIRATIRY CARE (Record no. 24941)

MARC details
000 -LEADER
fixed length control field 00425nam a22001697a 4500
003 - CONTROL NUMBER IDENTIFIER
control field SGT
020 ## - INTERNATIONAL STANDARD BOOK NUMBER
International Standard Book Number 9780323793094
082 ## - DEWEY DECIMAL CLASSIFICATION NUMBER
Classification number 610.7362
Item number N23W
100 ## - MAIN ENTRY--PERSONAL NAME
Personal name WALSH, BRIAN K.
245 ## - TITLE STATEMENT
Title NEONATAL & PEDIATRIC RESPIRATIRY CARE
250 ## - EDITION STATEMENT
Edition statement 6TH
260 ## - PUBLICATION, DISTRIBUTION, ETC. (IMPRINT)
Place of publication, distribution, etc PHILADELPHIA
Name of publisher, distributor, etc ELSEVIER PUB
Year of Publication 2023
300 ## - PAGE DESCRIPTION
No. of Pages 770
650 ## - SUBJECT ADDED ENTRY--TOPICAL TERM
Topical term or geographic name as entry element PEDIATRIC NURSING
653 ## - KEYWORDS--INDEX TERM
Keyword term NEONATAL & PEDIATRIC RESPIRATIRY CARE
942 ## - ADDED ENTRY ELEMENTS (KOHA)
Source of classification or shelving scheme Dewey Decimal Classification
Koha item type Books
Holdings
Withdrawn status Lost status Source of classification or shelving scheme Damaged status Not for loan Collection code Home library Current library Shelving location Date acquired Vendor Name Cost, normal purchase price SGTU Bill Number Total Checkouts Full call number Accession No. (Barcode) Date last seen Bill Date Koha item type
    Dewey Decimal Classification   Not For Loan NURSING SGT Medical Library SGT Medical Library Reference Book 02/09/2023 ABC DELHI 10099.00 SGTU 16927   610.7362 N23W FN5255 02/09/2023 20/06/2023 Books